Identifikácia hlavných väzieb medzi manažmentom a CRM

Strategický manažment a CRM. Znázornenie väzieb manažmentu a CRM. Manažment zmien a CRM. Projektový manažment a CRM. Procesný manažment a CRM. Manažment ľudských zdrojov a CRM.

Salvato in:
Dettagli Bibliografici
Autore principale: Lendel, Viliam
Altri autori: Kubina, Milan
Natura: Capitolo di libro
Lingua:slovacco
Soggetti:
Tags: Aggiungi Tag
Nessun Tag, puoi essere il primo ad aggiungerne!!

MARC

LEADER 00000naa$a2200000$$$4500
001 0117103
005 20231120133033.3
041 0 |a slo 
044 |a SK 
245 1 0 |a Identifikácia hlavných väzieb medzi manažmentom a CRM  |c Viliam Lendel, Milan Kubina 
520 |a Strategický manažment a CRM. Znázornenie väzieb manažmentu a CRM. Manažment zmien a CRM. Projektový manažment a CRM. Procesný manažment a CRM. Manažment ľudských zdrojov a CRM. 
610 2 0 |a manažment strategický 
610 2 0 |a riadenie vzťahov so zákazníkmi 
610 2 0 |a systém CRM 
610 2 0 |a riadenie strategické 
610 2 0 |a riadenie zmien 
610 2 0 |a manažment personálny 
100 1 |a Lendel, Viliam 
700 1 |a Kubina, Milan